| 000 | 01235nam a22002057a 4500 | ||
|---|---|---|---|
| 003 | BD-DhUL | ||
| 005 | 20170301144251.0 | ||
| 008 | 170220s2002 bg a|||| m||| 00| 0 ben d | ||
| 040 |
_aBD-DhUL _cBD-DhUL |
||
| 082 |
_a891.44 _bARB |
||
| 100 | 1 | _aআরেফীন, এ. কে. এম. শামসুল । | |
| 245 | 1 | 0 |
_aবাংলাদেশের সাহিত্যের ক্ষেত্রে বেসরকারী সংস্থা (এনজিও) সমুহের কর্মকান্ড এবং তার ফলাফল : ১৯৭২-১৯৭৫ / _cএ. কে. এম. শামসুল আরেফীন । _h[এমফিল অভিসন্দর্ভ ] । |
| 260 |
_aঢাকা : _bঢাকা বিশ্ববিদ্যালয়, _c২০০২ । |
||
| 300 |
_a১০৯ পৃ. ; _c২৯ সে. মি. । |
||
| 500 | _a অভিসন্দর্ভ (এমফিল) -- বাংলা বিভাগ, ঢাকা বিশ্ববিদ্যালয়, ২০০২ । | ||
| 504 | _aগ্রন্থপজ্ঞি সম্বলিত । | ||
| 650 | 0 | _aবাংলা সাহিত্য । | |
| 650 | 0 | _aBangla Literature. | |
| 942 |
_2ddc _cREF |
||
| 999 |
_c159190 _d159190 |
||